L'ancien Congo d'apres les archives romaines, 1518-1640 / (Record no. 164234)
[ view plain ]
| 000 -LEADER | |
|---|---|
| fixed length control field | 01237cam7a220025300 4500 |
| 001 - CONTROL NUMBER | |
| control field | qcf00355467 |
| 005 - DATE AND TIME OF LATEST TRANSACTION | |
| control field | 20190826102402.0 |
| 008 - FIXED-LENGTH DATA ELEMENTS--GENERAL INFORMATION | |
| fixed length control field | 790406s1954 be ab 000 0 fre d |
| 035 ## - SYSTEM CONTROL NUMBER | |
| System control number | (Sirsi) r105073 |
| 035 ## - SYSTEM CONTROL NUMBER | |
| System control number | (QCAT)lss02293018 |
| 035 ## - SYSTEM CONTROL NUMBER | |
| System control number | (UPRA)qcf00355467 |
| 040 ## - CATALOGING SOURCE | |
| Modifying agency | UPRA |
| 100 1# - MAIN ENTRY--PERSONAL NAME | |
| Personal name | Cuvelier, Jean, 1882- |
| Dates associated with a name | Cuvelier, Jean, 1882- |
| Linkage | A62071.1 |
| 245 12 - TITLE STATEMENT | |
| Title | L'ancien Congo d'apres les archives romaines, 1518-1640 / |
| Statement of responsibility, etc. | Par J. Cuvelier et L. Jadin. |
| 260 ## - PUBLICATION, DISTRIBUTION, ETC. | |
| Place of publication, distribution, etc. | [Gembloux : |
| Name of publisher, distributor, etc. | Editions J. Duculot], |
| Date of publication, distribution, etc. | 1954. |
| 490 1# - SERIES STATEMENT | |
| Series statement | Academie royale des sciences coloniales. Section des sciences morales et politiques. Memoires. Collection in-8o ; |
| Volume/sequential designation | t. XXXVI, fasc. 2. Serie historique |
| 500 ## - GENERAL NOTE | |
| General note | Includes index. |
| 500 ## - GENERAL NOTE | |
| General note | Title from cover. |
| 651 #0 - SUBJECT ADDED ENTRY--GEOGRAPHIC NAME | |
| Geographic name | Zaire -- History -- To 1908. |
| General subdivision | Zaire -- History -- To 1908. |
| Chronological subdivision | Zaire -- History -- To 1908. |
| Linkage | S4152.1 |
| 700 1# - ADDED ENTRY--PERSONAL NAME | |
| Personal name | Jadin, Louis. |
| Linkage | A62072.1 |
| 830 #0 - SERIES ADDED ENTRY--UNIFORM TITLE | |
| Uniform title | Memoires. Collection in-8o (Institut royale colonial belge. Section des sciences morales et politiques) ; |
| Name of part/section of a work | Memoires. Collection in-8o (Institut royale colonial belge. Section des sciences morales et politiques) ; |
| Volume/sequential designation | t. 36, fasc. 2. |
| Linkage | S9904.1 |
| 949 ## - LOCAL PROCESSING INFORMATION (OCLC) | |
| a | DT1.A2 |
| w | lcc |
| i | -149258 |
| m | MAIN |
| t | BOOK |
| l | ON-SHELF |
No items available.